000 00851 a2200301 4500
001 19012
003 TR-AnTOB
005 20241017093855.0
008 041102s2001 tu tur
020 _a9753169485
040 _aTR-AnTOB
_beng
_erda
_cTR-AnTOB
041 _atur
050 1 _aBD431
_b.A9353 2001
090 _aBD431
_b.A9353 2001
100 1 _aAydın, Ayhan,
_d1970-
_9101930
245 1 0 _aİnsanca varolma sanatı /
_cDoç. Dr. Ayhan Aydın.
264 1 _aİstanbul :
_bAlfa Basım Yayım,
_c2001.
300 _axiii, 279 pages ;
_c21 cm
336 _atext
_btxt
_2rdacontent
337 _aunmediated
_bn
_2rdamedia
338 _avolume
_bnc
_2rdacarrier
500 _aIncludes index.
650 7 _aVaroluşçuluk
_2etuturkob
_911283
650 0 _aYaşam biçimi
_9125365
902 _a0005038
942 _cBK
_2lcc
999 _c19012
_d5712